000 00238 a2200097 4500
001 29704
100 _aSu K L
245 _aFundamental of circuits electronics and signal analysis
260 _a
_bHoughton
_c1978
090 _c19724
_d19724
942 _aNUST-CAE
_cM
_c10807
999 _c264777
_d264777